000 00875cam a2200265 4500
008 000000n2000 000 0 eng u
020 _a190255826X
035 _a(Sirsi) u100890
041 _aENG
050 _a333.72
100 _aHumphrey, Neil
245 _aEnvironmental auditing.
260 _aIsle of White
_bPalladian Law Publishing
_c2000
300 _aix, 229p. ; 24cm.
520 _aThis book is designed to assist both environmental auditors and mangers meet their objectives. It explains the process and techniques of auditing in relation to manufacturing and industrial processes.
650 _aENVIRONMENTAL LEGISLATION
650 _aAUDITS
650 _aPOLLUTION
650 _aCONTAMINATED LAND
650 _aSITE REMEDIATION
690 _aENVIRONMENT-AUDIT/ASSESSMENT
700 _aHadley, Mark
700 _aBaxter, Martin
942 _n0
999 _c99903
_d99903